00677nam a2200241 a 4500001001300000003000900013005001700022008004100039020000800080082001400088100001700102245003800119260003600157300001000193500003500203505001000238650001300248700001700261902000800278942000700286952012500293999001700418nice12345678IN_TiNIC20260116015405.0141124s2014 kola grp 000 0 eng  ac000a230bCHA2 aChacko, Laji aDISCERNING the SIGNS OF the TIMES aKolkata, India bSCEPTRE c2014 a147P  aincludes index and biblioraphy2 aNOTES aTheology1 aChacko, Laji bSRS cBK 001040708StackRoom-aHMIbHMId2005-01-01g0.00l1o230 CHA2p11002837r2022-11-14s2022-10-31v0.00w2014-11-24yBK c19504d19504